000 nam a22 7a 4500
999 _c127483
_d127483
008 180124b xxu||||| |||| 00| 0 eng d
050 _aBX350
_b.A71
100 _aAndronikof, Constantin
_938582
245 _aLe cycle pascal
_ble sens des fetes 11
_cConstantin Andronikof
260 _aLausanne
_bL'age d'homme
_c1985
300 _a369p. ;
_c23cm.
440 _aSophia
_938838
650 _aOrthodox Eastern Church
_xLiturgy
_xLectionary
_938846
942 _2lcc
_cMONOGRAPH